| 000 | 00620cab a2200193 4500 | ||
|---|---|---|---|
| 001 | WB2335-34 | ||
| 008 | 090401t1987 xxu||||| |||| 00| 0 eng d | ||
| 035 | _a(Sirsi) u92276 | ||
| 041 | _aeng | ||
| 245 | _aProperty research | ||
| 260 | _c1987 | ||
| 350 | _a0 | ||
| 490 |
_aFinancial Times _v4/9/87 p15-18 (4) LOAN |
||
| 520 | _aA Financial Times survey on developments in property research , including internal research, specialist databases , computer software and hardware and property market indices . | ||
| 650 | _aABOUT RICS-RICS MEMBERS | ||
| 690 | _aSPECIAL REPORTS | ||
| 942 | _n0 | ||
| 948 | _c04/03/1997 | ||
| 999 |
_c58513 _d58513 |
||